| 000 | 00649nam a2200193 a 4500 | ||
|---|---|---|---|
| 001 | 4069 | ||
| 005 | 20140414131944.0 | ||
| 008 | 081222s19uu xx 00 eng d | ||
| 020 | _a0-439-40417-7 | ||
| 050 |
_aTR 372.4 _bL96 2004 |
||
| 100 | _aLunsford, Susan | ||
| 245 |
_aTeaching with favorite read-alouds in Kindergarten : _b50 must have books with lessons and activities that build skills in vocabulary, comprehension, and more / _cby Susan Lunsford. |
||
| 260 |
_aNew York : _bScholastic, _cc2004. |
||
| 300 | _a95 p. : ill. ; cm. | ||
| 650 | _aReading (Early Childhood). | ||
| 650 | _aOral reading. | ||
| 999 |
_c112650 _d112650 |
||